Path of Titans Gondwa Points of Interest - Statistics

General Stats
  • This quiz has been taken 36 times
  • The average score is 21 of 53
Answer Stats
Answer % Correct
Green Valley
88%
Stego Mountain
79%
Green Hills
75%
Impact Crater
75%
Young Grove
75%
Grand Plains
71%
Titan's Pass
71%
Hot Springs
67%
White Cliffs
67%
Birchwoods
63%
Hoodoo Expanse
63%
Rainbow Hills
63%
Red Island
63%
Salt Flats
63%
Triad Falls
63%
Hunters Thicket
58%
Savanna Grassland
58%
Sharptooth Marsh
58%
Snake Gully
58%
Dark Woods
54%
Burned Forest
50%
Desolate Pass
50%
Dried Lake
46%
Ripple Beach
46%
Whistling Columns
46%
Wilderness Peak
46%
Broken Tooth Canyon
42%
Sand Caverns
42%
Big Quill Lake
38%
Ocean Pillars
38%
Kelp Forest
33%
Rockfall Hill
33%
The Mudflats
33%
Sunken Hoodoos
29%
Red Kelp Forest
25%
The Teeth
21%
Barrens
17%
Golden Plateau
17%
Lonely Isle
17%
Pebble Isle
17%
Red Reef
17%
Sanctuary Isle
13%
Sweetwater Shallows
13%
Volcano Bay
13%
Azure Shore
8%
Deepsea Crags
8%
Deepsea Spires
8%
Golden Kelp
8%
Bleached Corals
4%
Ocean Stacks
4%
Castaway Isle
0%
Flyers Bluff
0%
Seagrass Bay
0%
No matching quizzes found
Score Distribution
Percent of People with Each Score
Percentile by Number Answered
Your Score History
You have not taken this quiz